00659nam a2200205Ia 4500008004100000020001800041050001400059100002100073245002300094245008400117260001300201260002900214260000900243300001500252300002500267300001000292440002900302999001900331952010300350180207s9999 xx 000 0 und d a9780746077184 bC877 2006 aCox, Phil Roxbee aBig pig on a dig / cby Phil Roxbee Cox ; illustrated by Stephen Cartwright ; edited by Jenny Tyler. aLondon : bUsborne Publishing Ltd., c2006 a16 pages : bcolor illustration ; c21cm. aUsborne phonics readers. c355854d355854 001040aSSISMbSSISMd2018-02-07l0oER C877 2006pSSISM5399r2018-02-07 00:00:00w2018-02-07yBK